| 000 | 00961nam a22003137a 4500 | ||
|---|---|---|---|
| 003 | CHAP | ||
| 005 | 20220329134430.0 | ||
| 008 | 971013s1944 r 00010 d | ||
| 010 | _a20411 | ||
| 011 | _a21383 | ||
| 035 | _a25473 | ||
| 040 | _cCHAP | ||
| 082 |
_a595.772 _bD62 |
||
| 100 | 0 | 0 |
_aDobzhansky, Theodosius. _933148 |
| 245 | _aContribution to the genetics, taxonomy and ecology of drosophila pseudoobscura and its relatives | ||
| 260 |
_aWashington : _bCarnegei Institution, _c1944 |
||
| 300 | _a183 p. | ||
| 490 | _aPub. 554 | ||
| 590 |
_aBATCH-UPD _b10 _c20130109 _lUCH01 _h2338 |
||
| 590 |
_aBATCH-UPD _b10 _c20130110 _lUCH01 _h0230 |
||
| 590 |
_aBATCH-UPD _b10 _c20130110 _lUCH01 _h2237 |
||
| 590 |
_aCONVERSION _b10 _c20130109 _lUCH01 _h1312 |
||
| 650 | 1 | 4 |
_aDrosophila. _934255 |
| 700 | 0 |
_aEpling, Carl. _937236 |
|
| 830 | 0 |
_aPub. 554 _992659 |
|
| 901 | _aBK | ||
| 942 | _cLIBRO | ||
| 949 |
_a595.772 D62 _bBC _cBPA _d-58707 _eBPA _h27148 _i25473 _si |
||
| 999 |
_c20411 _d20411 |
||